00431nam a22001457a 4500008004100000020001900041050001900060100002200079245009100101250001200192260002800204300001600232650001800248700001900266230209b |||||||| |||| 00| 0 eng d a978-0415303828 aP90b.D53 2007 aDimbleby, Richard aMore than words :bAn introduction to communication/cRichard Dimbleby & Graeme Burton a4th ed. aLondonbRoutledgec2007 axiii, 383p. aCommunication aBurton, Graeme